000 00295nam a2200109Ia 4500
008 180323s9999 xx 000 0 und d
020 _a18742157
100 _aWarren Howard C.
245 _aDictionary of psychology /
260 _aBoston :
_b1934
_cHoughton Mifflin pub
300 _aiii, 371 pages
999 _c356367
_d356367